Promoción turística : un enfoque metodológico /

Contenido: El marketing en la actividad turística: esquema conceptual; Introducción a la promoción turística: publicidad, promoción de ventas y relaciones públicas; Preparación del programa de promoción: esquema metodológico; Evaluación de las acciones promocionales: sistema de información y control...

Descrizione completa

Salvato in:
Dettagli Bibliografici
Autore principale: Acerenza, Miguel Angel (autor)
Natura: Libro
Lingua:spagnolo
Pubblicazione: México : Trillas, 1991, c1990
Edizione:6a edición
Serie:(Trillas Turismo)
Soggetti:
Tags: Aggiungi Tag
Nessun Tag, puoi essere il primo ad aggiungerne!!

MARC

LEADER 00000nam^a2200000^a^4500
001 000181972
005 20250521000000.0
009 20260310101950.459
020 |a 968-24-4172-2 
037 |a Acervo ITESO - Biblioteca 
041 |a ESP 
082 |a 910. 10688  |b ACE 
100 |a Acerenza, Miguel Angel  |e (autor) 
245 1 0 |a Promoción turística :  |b un enfoque metodológico /  |c M.A. Acerenza ; pref. de Alfonso Ascencio Ruiz. 
250 |a 6a edición 
264 4 |a México :  |b Trillas,  |c 1991, c1990 
300 |a 176 p. 
336 |a texto  |b txt  |2 rdacontenido 
337 |a sin mediación  |b n  |2 rdamedio 
338 |a volumen  |b nc  |2 rdasoporte 
440 1 |a (Trillas Turismo) 
520 |a Contenido: El marketing en la actividad turística: esquema conceptual; Introducción a la promoción turística: publicidad, promoción de ventas y relaciones públicas; Preparación del programa de promoción: esquema metodológico; Evaluación de las acciones promocionales: sistema de información y control; Presupuestación y financiamiento de las actividades promocionales; Aspectos relativos a la estructura organizacional. 
649 |a XX 
650 |a Empresas -  |x Administración 
650 |a Turismo -  |x Administración 
650 |a Publicidad 
650 |a Ventas 
650 |a Relaciones Públicas 
650 |a Promoción del Servicio 
650 |a Mezcla de Mercadotecnia 
650 |a Estrategia Mercadotécnica 
650 |a Mercadotecnia de Servicios 
650 |a Mercadotecnia 
650 |a Presupuesto -  |x Administración 
650 |a Sistemas de Información -  |x Administración 
650 |a Organización Administrativa 
650 |a Ciencias Administrativas 
910 |a Fondo General 
920 |a Impresos - Libros 
930 |a Colección General 
905 |a 101 
901 |a 0500121832  |b IT1  |c ACC  |u 20250521 
902 |a https://opac.biblio.iteso.mx/vufind/Record/000181972